MDQL
is popping MORE tags! Check the
thread
!
Quizzes
Events
Quiz Creation
Community
Videos
Private Events
Remove Ads
Sign In
Join for FREE
Feedback
Dark Mode
Quiz Categories
Sports
Geography
Music
Movies
Television
Just For Fun
Miscellaneous
History
Literature
Language
Science
Gaming
Entertainment
Religion
Holiday
For Kids
Quiz Lab
Recent
Popular Today
Quiz Kudos Today
Editor Picks
Curator Picks
Quizzes by...
Day
Popularity
Type
Ratings
Length
Year
Community
Subscriptions
Recent Discussions
Orange Saloon
Badges
Playlists
Quests
Create
Leaderboards
Showdown
Live 5
Trivia Bingo
Activity
Puzzle Library
Sporcle Events
Private Events
Virtual Trivia
Globe League
Become a Host
Pub Owners
SporcleCon
Opinionation
Our Games
Videos
Blog
Mobile Apps
Partnerships
Remove Ads and Go Orange
Feedback
Sports
Athletes
MLB
NBA
NHL
NFL
Soccer
Sports Teams
WWE
NCAA
Football
Premier League
Basketball
Baseball
Hockey
Golf
Tennis
Cricket
Rugby
Auto Racing
Olympics
World Cup
Sports
Athletes
MLB
NBA
NHL
NFL
Soccer
Sports Teams
WWE
NCAA
Football
Premier League
Basketball
Baseball
Hockey
Golf
Tennis
Cricket
Rugby
Auto Racing
Olympics
World Cup
Random Quiz
Search Sporcle
×
Quiz Lab
Quiz Lab
Sports
Snooker World
Type in answers that appear in a list
Type in answers that appear in a list
Classic
Best Score? Go Orange.
Snooker world ranking Stats
Can you name the Snooker players according to the world ranking?
By
dyster
15m
97 Questions
404 Plays
404 Plays
404 Plays
Comments
Comments
Give Quiz Kudos
Give Quiz Kudos
-
- Ratings
hide this ad
More Info
Replay
Link that replays current quiz
Next Quiz
Link to next quiz in quiz playlist
You Got
0%
They Got
Avg Score
37%
Avg Friend Score
Upgrade to see
Score Distribution
Jump to the score distribution portion of the page
Score
0/97
Timer
15:00
0
Plays Today
Ranking
Name
% Correct
2.
Neil Robertson
96%
19.
Ronnie O'Sullivan
94.6%
11.
John Higgins MBE
93.1%
10.
Ding Junhui
92.1%
52.
Jimmy Robertson
92.1%
91.
Sean O'Sullivan
91.1%
1.
Mark Selby
90.8%
15.
Mark J. Williams MBE
89.4%
51.
Steve Davis OBE
85.1%
79.
Robbie Williams
84.8%
17.
Marco Fu
84.7%
13.
Mark Davis
84.2%
4.
Shaun Murphy
83.2%
3.
Judd Trump
83.2%
5.
Stephen Maguire
80.2%
12.
Graeme Dott
79.7%
7.
Mark Allen
78.2%
58.
Stephen Hendry MBE
77.5%
30.
Peter Ebdon
73.5%
55.
Jimmy White MBE
73.3%
27.
Ken Doherty
73%
34.
Michael White
72.3%
14.
Matthew Stevens
72%
16.
Allister Carter
69.3%
6.
Stuart Bingham
64.4%
32.
Liang Wenbo
61.9%
84.
Li Yan
61%
31.
Ryan Day
59.7%
9.
Barry Hawkins
59.4%
49.
Alan McManus
55%
21.
Stephen Lee
54.2%
82.
Tony Drago
54.2%
72.
Luca Brecel
52.8%
Ranking
Name
% Correct
61.
James Wattana
51.7%
23.
Dominic Dale
51.2%
29.
Mark King
49.3%
20.
Joe Perry
48.3%
40.
Jamie Jones
45.5%
8.
Ricky Walden
44.1%
36.
Fergal O'Brien
42.8%
43.
Anthony Hamilton
40.6%
46.
Nigel Bond
38.9%
25.
Martin Gould
34.7%
18.
Robert Milkins
33.2%
26.
Michael Holt
31.7%
45.
Rory McLeod
31.4%
56.
Gerard Greene
29.2%
64.
Kurt Maflin
28.5%
38.
Jamie Cope
27.7%
35.
Jack Lisowski
27.5%
48.
Anthony McGill
26.7%
22.
Andrew Higginson
25.5%
69.
Thepchaiya Un-Nooh
25.3%
24.
Tom Ford
23.5%
44.
Matthew Selt
23.5%
50.
Dave Harold
21.5%
62.
Barry Pinches
20.3%
41.
David Brown Gilbert
20.3%
28.
Marcus Campbell
20%
47.
Yu Delu
19.3%
39.
Jamie Burnett
19.1%
57.
Peter Lines
19.1%
67.
Dechawar Poomjaeng
17.5%
90.
Joel Walker
17.5%
37.
Xiao Guodong
17.3%
65.
Andy Hicks
16.8%
Ranking
Name
% Correct
66.
Cao Yupeng
14.9%
77.
Zhang Anda
14.4%
59.
Rod Lawler
12.6%
54.
Liu Chuang
12.4%
33.
Ben Woollaston
11.6%
73.
Aditya Mehta
11.5%
89.
Scott Donaldson
11.2%
88.
David Grace
10.4%
42.
Mark Joyce
10.4%
53.
Alfie Burden
9.4%
95.
Ben Judge
9.3%
74.
Pankaj Advani
8.2%
81.
Sam Baird
8.2%
63.
Mike Dunn
7.7%
83.
Craig Steadman
7.4%
76.
Liam Highfield
6.4%
86.
Martin O'Donnell
6.3%
87.
Daniel Wells
5.9%
70.
Tian Pengfei
5.2%
75.
Paul S. Davison
4.5%
80.
Michael Wasley
4.5%
97.
Hossein Vafaei Ayouri
4.5%
71.
Thanawat Tirapongpaiboon
4.2%
60.
Adam Duffy
3.7%
68.
Ian B. Burns
3.3%
85.
Simon Bedford
3.2%
94.
Michael Leslie
2.6%
93.
Jamie O'Neill
2.5%
78.
Chen Zhe
1.9%
92.
Passakorn Suwannawat
0.7%
96.
Mohamed Khairy
0.7%
Quiz Playlist
Details
Report
Send in Message
Add To Playlist
More Info:
Name the snooker players according to the world ranking (updated as of prior to the 2013-14 season, 8. May 2013)
Classic:
Type in answers that appear in a list
Quiz Source
Last Updated: Feb 16, 2017
Quiz Scoreboard
CHALLENGE
Sign Up to Join the Scoreboard
Show All
Scores
Hide
Comments
May contain spoilers
Recently Published
Holiday 10x10 Sorting Gallery
by lukepisani3
Holiday
15m
Two Season TV Shows II
by 123Four
Television
10m
Image Sorting: Flags VI
by Barbecue
Geography
2m
More to Explore
Quiz From the Vault
Featured Blog Post
14 Easter Pick-up Lines to Find Eggs With
hide this ad
You Might Also Like...
Tags
Snooker
Snooker Ranking
Snooker World
World Ranking
Today's Top Quizzes in Sports
Browse Sports
hide this ad
Top Contributed Quizzes in Sports
1
Les meilleurs buteurs des matchs entre le PSG et l’OM
2
Les entraîneurs de l'OM et du PSG au 21e siècle
3
2022 World Cup Stars
4
Les joueurs passés par le PSG et l'OM
5
Players with Multiple 50 Home Run Seasons
6
FIFA Club World Cup Champions
7
Top 10 NHL Goal Scorers of All Time
8
Les joueurs passés par le LOSC et le RC Lens
9
Criteria MLB: Left Handed Sluggers
10
2023 MLB Unique Player Accomplishments
Explore More
Trending Topics
Anime
NBA
Crossword
Marvel
Kpop
Harry Potter
Disney
Puzzle
The Office
Country
NFL
Pokémon
Soccer
Song
WWE
hide this ad
More By:
dyster
Quiz
Plays
Rating
Category
Featured
Created
Beatles Albums by Any Song
22,294
4.41
Music
May 24, 2014
Footballers Born in 1976
11,210
4.08
Sports
Aug 10, 2022
Best Metal Albums of the 80s
2,585
5.00
Music
Oct 30, 2015
Black Metal
2,340
4.63
Music
Apr 6, 2011
A decade of English football '90s
2,309
4.00
Sports
Mar 27, 2016
Go to Creator's Profile
Score Distribution
Quiz Creator Spotlight
dyster
Follow
Send a Message
Quizzes Created
-
Created Quiz Play Count
-
More By This Creator
Popular Quizzes Today
1
Find the US States - No Outlines Minefield
2
Colored Red Africa Blitz
3
Find the 'City' Movie
4
The Countries of the World
5
5x2 Blitz: Bands
6
Find the Countries of Europe - No Outlines Minefield
7
Find the US States
8
US States
More Sports Quizzes
NHL Team Names Containing 'H'
Curator's Pick
Trending Quizzes
Colored Red Europe Blitz I
Colored Red Europe Blitz II
Colored Red Africa Blitz II
Colored Red Europe Blitz III
Colored Red Africa Blitz III
Recently Updated
Odd Team Out - Big 4 Players
pecheneg
Quick Pick: 20 Twenties
pecheneg
March Madness Men's Triple Doubles
pecheneg
How Do You Spell That?
pecheneg
Godzilla Movies
pecheneg
Grab Bag: 4-10 Letters
pecheneg
2024 March Madness Bracket
pecheneg
Famous TV Couples
Peacemaker
Champions League XIs: Real Madrid
pecheneg
Largest US Cities 1790-2010
pecheneg
Trending Topics
Disney
Anime
NBA
Harry Potter
Crossword
Kpop
Marvel
WWE
Pokémon
Country
Song
The Office
Puzzle
NFL
Soccer
Your Account Isn't Verified!
In order to create a playlist on Sporcle, you need to verify the email address you used during registration. Go to your
Sporcle Settings
to finish the process.
Report this User
Report this user for behavior that violates our
Community Guidelines
.
Details:
Send Report
Go to the Sporcle.com Mobile Site →
Comments